| 000 | 00705nam a2200217 a 4500 | ||
|---|---|---|---|
| 999 |
_c5214 _d5214 |
||
| 001 | 5214 | ||
| 003 | BD-JhCC | ||
| 005 | 20171210175616.0 | ||
| 008 | 171210s1967 bg ||||| |||| 00| 0 ben d | ||
| 035 | _a(BD-JhCC)5214 | ||
| 040 |
_aBD-JhCC _dBD-JhCC |
||
| 041 | _aben | ||
| 082 |
_a330.00 _bRAH 1967 |
||
| 100 | _aরহমান, মোহাম্মদ আজিজুর | ||
| 245 |
_aবাংলাদেশ অর্থনীতি (ফলিত অর্থনীতি সহ) / _c মোহাম্মদ আজিজুর রহমান |
||
| 260 |
_aঢাকা : _c1967. |
||
| 300 |
_a79 p. : _c21 cm |
||
| 650 |
_aEconomic condition _zBangladesh |
||
| 942 |
_2ddc _cBK |
||